| 000 -LEADER |
| fixed length control field |
00415cam a22001337a 4500 |
| 008 - FIXED-LENGTH DATA ELEMENTS--GENERAL INFORMATION |
| fixed length control field |
180718b1954 xxu||||| |||| 00| 0 eng d |
| 082 ## - DEWEY DECIMAL CLASSIFICATION NUMBER |
| Classification number |
L311603x73 C423 |
| 100 ## - MAIN ENTRY--PERSONAL NAME |
| Personal name |
Chermak, Lawrence E. |
| 245 ## - TITLE STATEMENT |
| Title |
Law of revenue bonds |
| Statement of responsibility, etc. |
by Lawrence E. Chermak |
| 260 ## - PUBLICATION, DISTRIBUTION, ETC. |
| Place of publication, distribution, etc. |
Washington, D.C. |
| Name of publisher, distributor, etc. |
National Inst. of Municipal Las Cfficers |
| Date of publication, distribution, etc. |
1954 |
| 300 ## - PHYSICAL DESCRIPTION |
| Extent |
236p. |
| 500 ## - GENERAL NOTE |
| General note |
$5.00 |
| 650 ## - SUBJECT ADDED ENTRY--TOPICAL TERM |
| Topical term or geographic name entry element |
Bonds, Revenue - USA - Legislation |